<?xml version="1.0" encoding="UTF-8"?>
<marc:record xmlns:marc="http://www.loc.gov/MARC21/slim">
   <marc:leader>00000nam a2200000 a 4500</marc:leader>
   <marc:datafield ind1="1" ind2=" " tag="100">
      <marc:subfield code="a">Kerouac, Jack</marc:subfield>
      <marc:subfield code="4">aut</marc:subfield>
      <marc:subfield code="e">Verfasser/-in</marc:subfield>
   </marc:datafield>
   <marc:datafield ind1="1" ind2=" " tag="100">
      <marc:subfield code="a">Blumenbach, Ulrich</marc:subfield>
      <marc:subfield code="4">trl</marc:subfield>
      <marc:subfield code="e">Übersetzer/-in</marc:subfield>
   </marc:datafield>
   <marc:datafield ind1="1" ind2=" " tag="100">
      <marc:subfield code="a">Kerouac, Jack</marc:subfield>
   </marc:datafield>
   <marc:datafield ind1=" " ind2=" " tag="653">
      <marc:subfield code="a">Geschichte 1947-1949</marc:subfield>
   </marc:datafield>
   <marc:datafield ind1=" " ind2=" " tag="653">
      <marc:subfield code="a">Beatgeneration</marc:subfield>
   </marc:datafield>
   <marc:datafield ind1=" " ind2=" " tag="653">
      <marc:subfield code="a">Reise</marc:subfield>
   </marc:datafield>
   <marc:datafield ind1=" " ind2=" " tag="653">
      <marc:subfield code="a">Softcover / Belletristik/Gegenwartsliteratur (ab 1945)</marc:subfield>
   </marc:datafield>
   <marc:datafield ind1=" " ind2=" " tag="653">
      <marc:subfield code="a">Fiktionale Darstellung</marc:subfield>
   </marc:datafield>
   <marc:datafield ind1=" " ind2=" " tag="653">
      <marc:subfield code="a">Belletristische Darstellung</marc:subfield>
   </marc:datafield>
   <marc:datafield ind1="0" ind2="0" tag="245">
      <marc:subfield code="a">On the road</marc:subfield>
   </marc:datafield>
   <marc:datafield ind1="0" ind2="0" tag="245">
      <marc:subfield code="c">Jack Kerouac. Aus dem Engl. von Ulrich Blumenbach</marc:subfield>
   </marc:datafield>
   <marc:datafield ind1=" " ind2="1" tag="264">
      <marc:subfield code="a">Reinbek bei Hamburg</marc:subfield>
      <marc:subfield code="b">Rowohlt</marc:subfield>
      <marc:subfield code="c">2010</marc:subfield>
   </marc:datafield>
   <marc:datafield ind1=" " ind2=" " tag="250">
      <marc:subfield code="a">Urfassung, 1. Aufl.</marc:subfield>
   </marc:datafield>
   <marc:datafield ind1="1" ind2=" " tag="520">
      <marc:subfield code="a">Angaben aus der Verlagsmeldung

On The Road : Die Urfassung / von Jack Kerouac

Jack Kerouacs epochemachender Roman «On the Road» (deutsch:«Unterwegs») über eine Schar junger Menschen, die auf der Suche nach Wahrheit, der Liebe und dem glückseligen Leben quer durch die USA reisen, hat weltweit Generationen junger Leute inspiriert. Er gehört zu den seltenen Büchern des 20. Jahrhunderts, die nicht nur einen völlig neuen Ton anschlugen, sondern vom Geist einer neuen Zeit kündeten: Nahezu im Alleingang schuf «Unterwegs» mit den Beats eine der ersten

großen amerikanischen Jugendbewegungen. Kerouac tippte das Manuskript in drei schlaflosen Wochen mit Hilfe von viel Kaffee und Benzedrin auf eine vierzig Meter lange Papierrolle. Beim Verlag wurde es später stark überarbeitet, eingekürzt und anonymisiert.

Die Urfassung ist ein einziger, von Jazz und Marihuana inspirierter Energiestoß. Die Sprachmusik darin ist roher als in der späteren Bearbeitung, der Sex expliziter, die Figuren (u. a. Allen Ginsberg, William Burroughs und der heimliche Held des Romans, der geniale Autodieb und Lebenskünstler Neal Cassidy) erscheinen mit Klarnamen. Hier liegt diese Fassung zum ersten Mal auf Deutsch vor.

The beat goes on, und der wilde Rausch, den er erzeugt, verfehlt auch nach 50 Jahren nicht seine Wirkung. Dieses Buch war und ist ein «literarisches Ereignis» (FAZ).
</marc:subfield>
   </marc:datafield>
   <marc:datafield ind1=" " ind2=" " tag="020">
      <marc:subfield code="a">9783498035501</marc:subfield>
      <marc:subfield code="9">9783498035501</marc:subfield>
   </marc:datafield>
   <marc:datafield ind1=" " ind2=" " tag="041">
      <marc:subfield code="a">ger</marc:subfield>
   </marc:datafield>
   <marc:datafield ind1=" " ind2=" " tag="300">
      <marc:subfield code="a">574 S.</marc:subfield>
   </marc:datafield>
</marc:record>
